| 000 | 03166 a2200289 4500 | ||
|---|---|---|---|
| 001 | 25868 | ||
| 005 | 20260407155542.0 | ||
| 008 | 260407a1989 arg spa d | ||
| 003 | AR-UNSa-BCEJYS | ||
| 040 |
_aAR-UNSa-BCEJYS _bspa _cAR-UNSa-BCEJYS |
||
| 080 |
_a330 _xEconomía en general |
||
| 245 | 1 | 0 | _aEconomía |
| 020 | _a84-7615-370-8 | ||
| 250 | _a2a. ed | ||
| 264 | 1 |
_aMadrid : _bMcGraw-Hill _c1989 |
|
| 300 |
_axxix, 1005 p. _c23 cm. |
||
| 505 | _aParte I : Introducción : 1. Introducción a la económica - 2. Conceptos y técnicas básicos - 3. La oferta, la demanda y el mercado - 4. El estado en la economía mixta - Parte II : Oferta, demanda y mercado de productos : 5. Elasticidades y ajuste del mercado - 6. La conducta de los consumidores y la demanda del mercado - 7. Organización y conducta de las empresas - 8. La producción y los costos - 9. La oferta en una industria competitiva - 10. La mano invisible : competencia y eficiencia económica - Parte III : Imnperfecciones del mercado e intervención del estado : 11. La competencia imperfecta : el monopolio - 12. El oligopolio y la compeencia monopolística - 13. Regulación de la actividad económica - 14. El estado y el problema del monopolio - Parte IV : Mercado de factores y distribución de la renta : 15. Mercados de factores y distribución - 16. La oferta de trabajo y la determinación de los salarios - 17. El capital humano y los sindicos - 18. La riqueza tangible : el capital y la tierra - 19. La incertidumbre en la vida económica - 20. La desigualdad, la pobreza y la discriminación en Estados Unidos - Parte V : Impuestos, transferencias y gasto público : 21. Los impuestos ylas compras del estado - 22. Los programas sociales, la pobreza y la distribución de la renta - Parte VI : La demanda agregada y sus determinantes : 23. Introducción a la macreconomía y modelo de la oferta y la demanda agregadas - 24. Indicadores macreconómicos básicos - 25. La determinación de la renta nacional - 26. El dinero y la banca - 27. El banco central y el sistema monetario - 28. El presupuesto, la política fiscal y la demanda agregada - 29. El dinero y la economía - Parte VII : Oferta agregada y crecimiento económico : 30. La oferta agregada y el nivel de precios - 31. Ajuste a los desplazamientos de la oferta y la demanda : el ciclo económico - 32. El desempleo - 33. El problema de la inflación - 34. El dinero, los déficit y la inflación - 35. El crecimiento económico - Parte VIII : La economía mundial : 36. El comercio interncional y la balanza de pagos - 37. Ganancias derivadas del comercio y problemas comerciales - 38. Los tipos de cambio y las finanzas internacionales - 39. Los países en vías de desarrollo en la economía mundial - 40. Distintos sistemas económicos. | ||
| 041 | _aspa | ||
| 942 | _cBK | ||
| 590 | _aniveau_biblio:m niveau_hierar:0 | ||
| 100 | 1 | _aFischer, Stanley | |
| 700 | 1 | _aDornbusch, Rudiger | |
| 700 | 1 | _aToharia Cortés, Luis | |
| 700 | 1 | _aSchmalensee, Richard | |
| 700 | 1 | _aRabasco, María Esther | |
| 856 | 4 | 1 |
_uhttps://biblioeco.unsa.edu.ar/pmb/images/libros/Economia 2ed.jpg _yImagen de portada _qimage/jpeg |
| 999 |
_c1425 _d1425 |
||